[Event "FIDE World Cup 2021"]
[Site "Krasnaya Polyana (Sochi) RUS"]
[Date "2021.07.20"]
[EventDate "2021.07.12"]
[Round "3.5"]
[Result "0-1"]
[White "Baskaran Adhiban"]
[Black "Santosh Gujrathi Vidit"]
[WhiteElo "2660"]
[BlackElo "2726"]
[PlyCount "64"]

1. c4 Nf6 2. Nf3 e6 3. g3 d5 4. Bg2 d4 5. e3 Nc6 6. O-O e5 7. d3 Bc5 8. exd4
Bxd4 9. Nc3 O-O 10. Nd5 Nxd5 11. Nxd4 Nxd4 12. cxd5 c6 13. Be3 cxd5 14. Bxd4
exd4 15. Qb3 Be6 16. Qxb7 Qd6 17. Qb3 Rfb8 18. Qc2 a5 19. Rac1 a4 20. Rfe1 h6
21. h4 Qb4 22. Re2 a3 23. bxa3 Qxa3 24. Qd2 Rc8 25. Rce1 Qc3 26. Kh2 Bg4 27.
Bxd5 Bxe2 28. Qxc3 dxc3 29. Bxa8 c2 30. Rc1 Rxa8 31. Rxc2 Bxd3 32. Rd2 Bc4 0-1

[Event "FIDE World Cup 2021"]
[Site "Krasnaya Polyana (Sochi) RUS"]
[Date "2021.07.20"]
[EventDate "2021.07.12"]
[Round "3.6"]
[Result "1/2-1/2"]
[White "Vachier-Lagrave, Maxime"]
[Black "David Paravyan"]
[WhiteElo "2749"]
[BlackElo "2625"]
[PlyCount "66"]

1. e4 c5 2. Nf3 Nc6 3. c3 d5 4. exd5 Qxd5 5. d4 Bf5 6. Be3 cxd4 7. Nxd4 Nf6 8.
Na3 Nxd4 9. Qxd4 Qxd4 10. Bxd4 e5 11. Be3 Bxa3 12. bxa3 Nd5 13. Bd2 Rc8 14. c4
Nf4 15. Be3 b6 16. O-O-O Be6 17. Kb2 O-O 18. g3 Ng6 19. Rc1 Ne7 20. Bd3 Rc7 21.
c5 Nd5 22. cxb6 Rxc1 23. Rxc1 Nxe3 24. bxa7 Nd5 25. Rc5 Nf6 26. Rxe5 Bd5 27. Re7
Ra8 28. Bb5 Kf8 29. Rc7 Ne8 30. Rd7 Nf6 31. Rc7 Ne8 32. Rd7 Nf6 33. Rc7 Ne8 1/2-1/2

[Event "FIDE World Cup 2021"]
[Site "Krasnaya Polyana (Sochi) RUS"]
[Date "2021.07.20"]
[EventDate "2021.07.12"]
[Round "3.6"]
[Result "0-1"]
[White "Santosh Gujrathi Vidit"]
[Black "Baskaran Adhiban"]
[WhiteElo "2726"]
[BlackElo "2660"]
[PlyCount "198"]

1. Nf3 Nf6 2. c4 c5 3. Nc3 Nc6 4. g3 g6 5. Bg2 d6 6. O-O Bg7 7. d4 cxd4 8. Nxd4
Bd7 9. Nb3 a5 10. a4 O-O 11. c5 Be6 12. Bg5 h6 13. Bxf6 Bxf6 14. Rc1 Nb4 15. Nd4
Bg4 16. h3 dxc5 17. Nb3 Bf5 18. Nxc5 b6 19. N5e4 Bg7 20. e3 Rc8 21. Qe2 Qd3 22.
Qf3 Qc4 23. Rcd1 Nd3 24. b3 Qxb3 25. Nd5 Rfe8 26. Nd2 Qa3 27. e4 Be6 28. Nb1
Qxa4 29. Nxb6 Ne5 30. Qe3 Nc4 31. Nxa4 Nxe3 32. fxe3 Bb3 33. Nb6 Rb8 34. Nd7
Bxd1 35. Nxb8 Be2 36. Nc6 Bxf1 37. Bxf1 a4 38. Bb5 Ra8 39. Nxe7+ Kf8 40. Nd5 a3
41. Nxa3 Rxa3 42. Kf2 h5 43. Kf3 Ra1 44. h4 Be5 45. Kf2 Kg7 46. Bc6 Rc1 47. Bd7
f6 48. Nf4 Kh6 49. Nd3 Rd1 50. Nxe5 fxe5 51. Be6 g5 52. hxg5+ Kxg5 53. Kf3 Rf1+
54. Kg2 Rf6 55. Bd7 Rf8 56. Be6 Rb8 57. Bf5 Rb2+ 58. Kf3 h4 59. gxh4+ Kxh4 60.
Be6 Rb8 61. Bd7 Rg8 62. Bf5 Rg3+ 63. Kf2 Rg8 64. Kf3 Kg5 65. Be6 Rg7 66. Ke2 Kf6
67. Bf5 Ra7 68. Kf3 Ra2 69. Bc8 Rb2 70. Bd7 Ke7 71. Bc6 Rc2 72. Bd5 Kd6 73. Bb3
Rb2 74. Bd5 Kc5 75. Kg4 Re2 76. Kf3 Rb2 77. Be6 Rb6 78. Bd5 Rb8 79. Ke2 Kb4 80.
Kd3 Rc8 81. Be6 Rc7 82. Bd5 Ka3 83. Be6 Kb2 84. Kd2 Rc2+ 85. Kd3 Kc1 86. Bb3 Rc5
87. Ba4 Kb2 88. Be8 Rc3+ 89. Kd2 Rc7 90. Bb5 Rc8 91. Kd3 Kb3 92. Kd2 Rd8+ 93.
Ke2 Kc3 94. Bc6 Rd2+ 95. Kf3 Rd6 96. Bd5 Kd2 97. Kg4 Kxe3 98. Kf5 Kd4 99. Bb7
Rd8 0-1

[Event "FIDE World Cup 2021"]
[Site "Krasnaya Polyana (Sochi) RUS"]
[Date "2021.07.20"]
[EventDate "2021.07.12"]
[Round "3.7"]
[Result "1/2-1/2"]
[White "David Paravyan"]
[Black "Vachier-Lagrave, Maxime"]
[WhiteElo "2625"]
[BlackElo "2749"]
[PlyCount "154"]

1. e4 c5 2. Nf3 d6 3. d4 cxd4 4. Nxd4 Nf6 5. Nc3 a6 6. Be3 e5 7. Nb3 Be6 8. f3
Nbd7 9. g4 Nb6 10. g5 Nfd7 11. Qd2 h6 12. gxh6 Qh4+ 13. Qf2 Qxf2+ 14. Kxf2 g6
15. Rd1 O-O-O 16. h4 Kc7 17. Be2 Bxh6 18. Bg5 f6 19. Bd2 Bxd2 20. Nxd2 Rh6 21.
Rdg1 Rdh8 22. a4 Nf8 23. a5 Nc8 24. Bc4 Ne7 25. Nd5+ Bxd5 26. Bxd5 Nxd5 27. exd5
Rxh4 28. Rxh4 Rxh4 29. c4 Rh2+ 30. Ke3 g5 31. Ne4 Nd7 32. Nf2 Rh4 33. Ne4 f5 34.
Nxg5 Rxc4 35. Ne6+ Kb8 36. Rg6 Ra4 37. Rg8+ Ka7 38. Rd8 Nf6 39. Nc7 Rxa5 40.
Rxd6 Kb8 41. Rxf6 Kxc7 42. Rxf5 Rxd5 43. Ke4 Rb5 44. Rxe5 Rxb2 45. Rh5 Rb4+ 46.
Ke3 b5 47. f4 a5 48. f5 Kd6 49. f6 Ke6 50. Rf5 Kf7 51. Kd3 a4 52. Kc3 Rb1 53.
Kc2 Rb3 54. Rf1 Re3 55. Rf4 Re6 56. Rb4 Rb6 57. Kc3 Kxf6 58. Rh4 Ke5 59. Kb4 Rb8
60. Rg4 Kd5 61. Rh4 Ra8 62. Rh5+ Kd4 63. Rh4+ Ke3 64. Rh3+ Kf2 65. Rh2+ Kg3 66.
Ra2 Rb8 67. Re2 Kf4 68. Rh2 Ra8 69. Kxb5 a3 70. Ra2 Ke3 71. Kc4 Rc8+ 72. Kb4 Kd4
73. Rd2+ Ke3 74. Ra2 Rb8+ 75. Kxa3 Ra8+ 76. Kb3 Rxa2 77. Kxa2 1/2-1/2

[Event "FIDE World Cup 2021"]
[Site "Krasnaya Polyana (Sochi) RUS"]
[Date "2021.07.20"]
[EventDate "2021.07.12"]
[Round "3.7"]
[Result "1/2-1/2"]
[White "Santosh Gujrathi Vidit"]
[Black "Baskaran Adhiban"]
[WhiteElo "2726"]
[BlackElo "2660"]
[PlyCount "112"]

1. d4 Nf6 2. c4 c5 3. d5 e6 4. Nc3 exd5 5. cxd5 d6 6. e4 g6 7. h3 Bg7 8. Nf3 O-O
9. Be3 Na6 10. Bd3 Nc7 11. a4 a6 12. O-O Rb8 13. Rb1 b5 14. axb5 Nxb5 15. Bxb5
axb5 16. b4 c4 17. Bd4 Re8 18. Re1 Nh5 19. Bxg7 Kxg7 20. Qd4+ Qf6 21. e5 dxe5
22. Rxe5 Bf5 23. Rbe1 Rxe5 24. Rxe5 Bd3 25. d6 Nf4 26. d7 Rd8 27. Kh2 Ne6 28.
Qe3 Rxd7 29. Nxb5 Qf4+ 30. Qxf4 Nxf4 31. Nc3 Bf1 32. Re4 Nd5 33. Rd4 Nb6 34.
Rxd7 Nxd7 35. b5 Kf6 36. g4 h6 37. Kg3 Ke6 38. Nd2 Bd3 39. Kf4 Kd6 40. Na4 Kd5
41. Ke3 g5 42. b6 Kc6 43. Kd4 Nxb6 44. Nxb6 Kxb6 45. Nxc4+ Bxc4 46. Kxc4 Kc6 47.
Kd4 Kd6 48. Ke4 Ke6 49. f3 f6 50. f4 f5+ 51. gxf5+ Kf6 52. fxg5+ hxg5 53. Kf3
Kxf5 54. Kg3 Kf6 55. h4 gxh4+ 56. Kxh4 1/2-1/2

[Event "FIDE World Cup 2021"]
[Site "Krasnaya Polyana (Sochi) RUS"]
[Date "2021.07.20"]
[EventDate "2021.07.12"]
[Round "3.8"]
[Result "1/2-1/2"]
[White "Vachier-Lagrave, Maxime"]
[Black "David Paravyan"]
[WhiteElo "2749"]
[BlackElo "2625"]
[PlyCount "120"]

1. c4 e5 2. Nc3 Nc6 3. Nf3 Nf6 4. g3 Nd4 5. Bg2 Nxf3+ 6. Bxf3 Bc5 7. O-O O-O 8.
e3 d6 9. d4 Bb6 10. Bg2 Re8 11. b3 Bg4 12. Qd3 c6 13. h3 Be6 14. d5 cxd5 15.
cxd5 e4 16. Qd2 Bf5 17. Bb2 Nd7 18. Rac1 Nc5 19. Na4 Nd3 20. Nxb6 axb6 21. Ra1
Qd7 22. Kh2 Nxb2 23. Qxb2 h5 24. Qd4 b5 25. h4 Qe7 26. Qb4 Bd7 27. a3 Rac8 28.
Rac1 Rc5 29. Qd4 f5 30. b4 Rxc1 31. Rxc1 Rc8 32. Rxc8+ Bxc8 33. Qb6 Bd7 34. Qxb7
Kf8 35. Bf1 Be8 36. Qb8 Qd7 37. Be2 Ke7 38. Kg1 Kf6 39. Qb6 Ke7 40. Kf1 Qd8 41.
Qb7+ Qd7 42. Qb8 Qd8 43. Qa7+ Qd7 44. Qd4 Kf8 45. Qb6 Ke7 46. Ke1 Qc8 47. Kd2
Qa8 48. Qd4 Qxa3 49. Qxg7+ Bf7 50. Qc3 Qa2+ 51. Ke1 Qb1+ 52. Bd1 Bxd5 53. Kd2
Bc4 54. Bxh5 Qf1 55. Qg7+ Kd8 56. Qf6+ Kc7 57. Qe7+ Kc8 58. Qe8+ Kc7 59. Qe7+
Kc8 60. Qe8+ Kc7 1/2-1/2

[Event "FIDE World Cup 2021"]
[Site "Krasnaya Polyana (Sochi) RUS"]
[Date "2021.07.20"]
[EventDate "2021.07.12"]
[Round "3.8"]
[Result "0-1"]
[White "Baskaran Adhiban"]
[Black "Santosh Gujrathi Vidit"]
[WhiteElo "2660"]
[BlackElo "2726"]
[PlyCount "102"]

1. c4 Nf6 2. Nf3 e6 3. b3 d5 4. Bb2 c5 5. e3 Nc6 6. cxd5 exd5 7. d4 cxd4 8. Nxd4
Bb4+ 9. Bc3 a5 10. a3 Bd6 11. Nd2 O-O 12. Be2 Re8 13. O-O Nxd4 14. Bxd4 Bf5 15.
Nf3 Rc8 16. Bxf6 Qxf6 17. Qxd5 b6 18. Qd4 Qh6 19. Qh4 Qg6 20. Nd4 Be4 21. Bf3
Bc5 22. Bxe4 Rxe4 23. Qh3 Rd8 24. Nf3 h6 25. Rfd1 Rxd1+ 26. Rxd1 Bxa3 27. Rd8+
Kh7 28. Qc8 Qf6 29. Qc2 Qxd8 30. Qxe4+ Kg8 31. Nd4 Bc5 32. g4 g6 33. Kg2 Qd7 34.
h3 b5 35. Qa8+ Kg7 36. Qxa5 Bxd4 37. exd4 Qd5+ 38. Kh2 Qxb3 39. Qc7 Qd5 40. Qc3
Kf6 41. Kg3 Ke6 42. Qe3+ Kd7 43. Qxh6 Qxd4 44. h4 b4 45. Kf3 b3 46. Qc1 b2 47.
Qc2 Qb4 48. Qd3+ Ke7 49. Qb1 Qc3+ 50. Kg2 Qc1 51. Qe4+ Kf8 0-1

[Event "FIDE World Cup 2021"]
[Site "Krasnaya Polyana (Sochi) RUS"]
[Date "2021.07.20"]
[EventDate "2021.07.12"]
[Round "3.9"]
[Result "1-0"]
[White "Vachier-Lagrave, Maxime"]
[Black "David Paravyan"]
[WhiteElo "2749"]
[BlackElo "2625"]
[PlyCount "62"]

1. e4 c5 2. Nc3 Nc6 3. Bb5 g6 4. Bxc6 bxc6 5. f4 Bg7 6. Nf3 d5 7. Qe2 dxe4 8.
Nxe4 Nf6 9. Nxc5 Qd6 10. d4 Nd7 11. Ne4 Qe6 12. O-O O-O 13. Re1 Bb7 14. c3 a5
15. Ne5 Bxe5 16. fxe5 c5 17. Nxc5 Nxc5 18. dxc5 Rfd8 19. Be3 Qxe5 20. Qf2 Qc7
21. Bd4 f6 22. c6 Qxc6 23. Rxe7 Re8 24. Rxb7 Qxb7 25. Qxf6 Re7 26. Qh8+ Kf7 27.
Rf1+ Ke6 28. Re1+ Kd5 29. Rxe7 Qxe7 30. Qxa8+ Kc4 31. Qa6+ 1-0

[Event "FIDE World Cup 2021"]
[Site "Krasnaya Polyana (Sochi) RUS"]
[Date "2021.07.22"]
[EventDate "2021.07.12"]
[Round "4.1"]
[Result "1/2-1/2"]
[White "Radoslaw Wojtaszek"]
[Black "Magnus Carlsen"]
[WhiteElo "2688"]
[BlackElo "2847"]
[PlyCount "70"]

1. d4 Nf6 2. c4 e6 3. g3 d5 4. Bg2 Be7 5. Nf3 O-O 6. O-O a5 7. Qc2 c6 8.
Nbd2 b6 9. e4 Bb7 10. Rd1 Na6 11. e5 Nd7 12. cxd5 Nb4 13. Qb1 cxd5 14. Nf1
Ba6 15. Ne3 Rc8 16. a3 Nc6 17. b3 b5 18. h4 b4 19. a4 Be2 20. Rd2 Bxf3 21.
Bxf3 f6 22. Bg4 f5 23. Nxf5 exf5 24. Bxf5 Bxh4 25. gxh4 Qxh4 26. Be6+ Kh8
27. Qd3 Ndxe5 28. dxe5 Nxe5 29. Qxd5 Nf3+ 30. Qxf3 Rxf3 31. Bxc8 Rf8 32.
Bb7 Qf6 33. Rda2 Qf7 34. Bg2 Qxb3 35. Be3 Rd8 1/2-1/2

[Event "FIDE World Cup 2021"]
[Site "Krasnaya Polyana (Sochi) RUS"]
[Date "2021.07.22"]
[EventDate "2021.07.12"]
[Round "4.1"]
[Result "1-0"]
[White "Vladimir Fedoseev"]
[Black "Vladislav Kovalev"]
[WhiteElo "2696"]
[BlackElo "2637"]
[PlyCount "90"]

1. d4 Nf6 2. c4 e6 3. Nf3 b6 4. g3 Bb7 5. Bg2 Bb4+ 6. Bd2 Bxd2+ 7. Qxd2 O-O
8. O-O d6 9. Rd1 Qe7 10. Qe3 c5 11. Nc3 Nc6 12. Qd2 Nxd4 13. Nxd4 cxd4 14.
Qxd4 Bxg2 15. Kxg2 Rfd8 16. e4 Qb7 17. f3 a6 18. a4 Rac8 19. Rd2 h6 20.
Rad1 Rd7 21. b3 Rcd8 22. g4 Qc6 23. h4 Qc5 24. Ne2 Qa5 25. Qe3 Qc5 26. Nd4
Nh7 27. f4 e5 28. Nf5 Qxe3 29. Nxe3 exf4 30. Nd5 Re8 31. Nxb6 Rde7 32. Rxd6
Rxe4 33. Rd8 Nf8 34. Rxe8 Rxe8 35. c5 Re2+ 36. Kf1 Rc2 37. Rd8 g5 38. hxg5
hxg5 39. Nd7 Kg7 40. Rxf8 Rc1+ 41. Ke2 Rc2+ 42. Ke1 Rc1+ 43. Kd2 f3 44. Ke3
Rc3+ 45. Kf2 1-0

[Event "FIDE World Cup 2021"]
[Site "Krasnaya Polyana (Sochi) RUS"]
[Date "2021.07.22"]
[EventDate "2021.07.12"]
[Round "4.1"]
[Result "0-1"]
[White "Nodirbek Abdusattorov"]
[Black "Vasif Durarbayli"]
[WhiteElo "2634"]
[BlackElo "2675"]
[PlyCount "88"]

1. d4 d5 2. c4 c6 3. Nf3 Nf6 4. g3 Bg4 5. Ne5 Bf5 6. Qb3 Qb6 7. cxd5 Qxb3
8. axb3 Nxd5 9. Bg2 Nb4 10. O-O Nc2 11. Ra4 f6 12. e4 Bc8 13. Nf3 Be6 14.
d5 cxd5 15. Ne1 Nxe1 16. Rxe1 Bd7 17. exd5 Bxa4 18. bxa4 e5 19. dxe6 Nc6
20. Nc3 Bb4 21. Rd1 Rd8 22. Nd5 O-O 23. Bf4 Rfe8 24. Bc7 Rc8 25. Bf3 Ne7
26. Bf4 Nxd5 27. Bxd5 Re7 28. Kf1 Rd8 29. g4 Kf8 30. Ke2 Ree8 31. g5 Ke7
32. Kf3 b6 33. Ke4 Bc5 34. Rd2 Rf8 35. gxf6+ gxf6 36. h4 Rg8 37. Bc7 Rc8
38. Bf4 Rg4 39. Kf3 h5 40. Bg3 Rxa4 41. b3 Rd4 42. Rxd4 Bxd4 43. Ke4 Bc5
44. Kf5 Bd6 0-1

[Event "FIDE World Cup 2021"]
[Site "Krasnaya Polyana (Sochi) RUS"]
[Date "2021.07.22"]
[EventDate "2021.07.12"]
[Round "4.1"]
[Result "1/2-1/2"]
[White "Anton Korobov"]
[Black "Alexander Grischuk"]
[WhiteElo "2698"]
[BlackElo "2778"]
[PlyCount "60"]

1. Nf3 d5 2. g3 Nf6 3. Bg2 e6 4. O-O Be7 5. d3 O-O 6. Nbd2 c5 7. e4 Nc6 8.
Re1 b5 9. exd5 Nxd5 10. a4 b4 11. Nc4 Bb7 12. a5 Rc8 13. h4 Qc7 14. Bg5
Rfd8 15. Bxe7 Ndxe7 16. a6 Ba8 17. Nfd2 Nf5 18. Nb3 Ncd4 19. Nxd4 Nxd4 20.
Bxa8 Rxa8 21. c3 Nc6 22. Re3 h6 23. Qa4 Rab8 24. Na5 Nxa5 25. Qxa5 Rb6 26.
Qa2 Rdd6 27. Qc4 bxc3 28. bxc3 Rdc6 29. Re2 Qd6 30. Rea2 h5 1/2-1/2

[Event "FIDE World Cup 2021"]
[Site "Krasnaya Polyana (Sochi) RUS"]
[Date "2021.07.22"]
[EventDate "2021.07.12"]
[Round "4.1"]
[Result "1-0"]
[White "Haik M Martirosyan"]
[Black "Ante Brkic"]
[WhiteElo "2632"]
[BlackElo "2699"]
[PlyCount "96"]

1. d4 Nf6 2. c4 e6 3. Nf3 d5 4. Nc3 Bb4 5. cxd5 exd5 6. Bf4 O-O 7. e3 c5 8.
dxc5 Qa5 9. Be5 Ne4 10. a3 Bxc3+ 11. Bxc3 Nxc3 12. Qd2 Qxc5 13. Rc1 Nc6 14.
Be2 Be6 15. Rxc3 Qb6 16. Rd3 Na5 17. Qb4 Qxb4+ 18. axb4 Nc4 19. Rb3 b6 20.
b5 Rfc8 21. Rb4 Rc5 22. Nd4 Rac8 23. h3 Nd6 24. O-O Bd7 25. Bd3 Rc1 26. Ne2
Rxf1+ 27. Kxf1 Rc5 28. Nc3 Kf8 29. Ke1 Nc4 30. Bxc4 Rxc4 31. Rb3 Be6 32.
Ra3 Rb4 33. Rxa7 Rxb2 34. Rb7 Rb3 35. Kd2 Rb2+ 36. Kc1 Rxf2 37. Rxb6 Ke7
38. Rc6 Kd8 39. b6 Bc8 40. Rc7 Be6 41. Ra7 Rf1+ 42. Kb2 Rf2+ 43. Ka3 Bc8
44. b7 Bxb7 45. Rxb7 Rxg2 46. Rxf7 Rg3 47. Nxd5 Ke8 48. Rb7 1-0

[Event "FIDE World Cup 2021"]
[Site "Krasnaya Polyana (Sochi) RUS"]
[Date "2021.07.22"]
[EventDate "2021.07.12"]
[Round "4.1"]
[Result "1/2-1/2"]
[White "R Praggnanandhaa"]
[Black "Vachier-Lagrave, Maxime"]
[WhiteElo "2699"]
[BlackElo "2749"]
[PlyCount "58"]

1. d4 Nf6 2. c4 g6 3. Nc3 d5 4. Nf3 Bg7 5. e3 O-O 6. cxd5 Nxd5 7. Bc4 Nb6
8. Bb3 c5 9. O-O cxd4 10. exd4 Nc6 11. d5 Na5 12. h3 Qd6 13. Re1 Nxb3 14.
axb3 Bd7 15. Be3 Bxc3 16. bxc3 Nxd5 17. Bh6 Nxc3 18. Qxd6 exd6 19. Bxf8
Kxf8 20. Nd4 a5 21. Rac1 Nd5 22. Red1 Ra6 23. Rd2 Nf6 24. Rc7 Ne4 25. Rd1
Nc5 26. Nf3 Be6 27. Nd4 Bd7 28. Nf3 Be6 29. Nd4 Bd7 1/2-1/2

[Event "FIDE World Cup 2021"]
[Site "Krasnaya Polyana (Sochi) RUS"]
[Date "2021.07.22"]
[EventDate "2021.07.12"]
[Round "4.1"]
[Result "0-1"]
[White "Javokhir Sindarov"]
[Black "Kacper Piorun"]
[WhiteElo "2558"]
[BlackElo "2688"]
[PlyCount "96"]

1. e4 e5 2. Nf3 Nc6 3. Bb5 Nf6 4. d3 Bc5 5. Bxc6 dxc6 6. Nbd2 Be6 7. Nb3
Bxb3 8. axb3 O-O 9. O-O Re8 10. Nd2 Nd7 11. Nc4 Nf8 12. Kh1 f6 13. f4 exf4
14. Bxf4 Ne6 15. Bd2 Qd7 16. Qg4 Rad8 17. Na5 Nd4 18. Qd1 Rb8 19. b4 Bf8
20. Be3 Nb5 21. Nb3 Rbd8 22. Bc5 b6 23. Bxf8 Rxf8 24. c4 Nd6 25. Qc2 Rfe8
26. h3 h6 27. Rfe1 Nf7 28. Rad1 f5 29. c5 fxe4 30. dxe4 Qe7 31. Nd4 Ne5 32.
Nf5 Qe6 33. Qc3 Kh7 34. Rf1 Rxd1 35. Rxd1 Qg6 36. Ra1 bxc5 37. bxc5 Nd7 38.
Rxa7 Rxe4 39. g4 Re5 40. Rxc7 Rxc5 41. Qd4 Rd5 42. Qe4 Nc5 43. Qf3 Rd3 44.
Qg2 Nd7 45. Qe4 Rxh3+ 46. Kg2 Rh4 47. Rxc6 Rxg4+ 48. Kf3 Qxc6 0-1

[Event "FIDE World Cup 2021"]
[Site "Krasnaya Polyana (Sochi) RUS"]
[Date "2021.07.22"]
[EventDate "2021.07.12"]
[Round "4.1"]
[Result "1-0"]
[White "Etienne Bacrot"]
[Black "Pavel Ponkratov"]
[WhiteElo "2703"]
[BlackElo "2629"]
[PlyCount "88"]

1. e4 e6 2. d4 d5 3. Nc3 Bb4 4. Ne2 dxe4 5. a3 Be7 6. Nxe4 Nf6 7. Qd3 Nc6
8. Be3 O-O 9. O-O-O Ng4 10. h4 f5 11. Ng5 h6 12. Nf3 Bd6 13. g3 Rb8 14. c4
b5 15. c5 Be7 16. Nf4 b4 17. a4 b3 18. Qc3 Nf6 19. Bb5 Ne4 20. Qxb3 Na5 21.
Qa2 a6 22. Nxe6 Bxe6 23. Qxe6+ Kh8 24. Bd7 Rf6 25. Ne5 Rxb2 26. Kxb2 Qb8+
27. Ka3 Rxe6 28. Bxe6 Qb6 29. Bf7 Qf6 30. Bg5 Nxg5 31. hxg5 Qxg5 32. Rb1 g6
33. Rb8+ Kh7 34. Rd1 Bf6 35. Bxg6+ Kg7 36. Bf7 Kh7 37. Bg8+ Kg7 38. Bd5 Kh7
39. Rg8 Bg7 40. Re8 Bxe5 41. Rxe5 Qg4 42. Rd3 f4 43. Kb4 fxg3 44. Re7+ 1-0

[Event "FIDE World Cup 2021"]
[Site "Krasnaya Polyana (Sochi) RUS"]
[Date "2021.07.22"]
[EventDate "2021.07.12"]
[Round "4.1"]
[Result "1/2-1/2"]
[White "Sergey Karjakin"]
[Black "Vladislav Artemiev"]
[WhiteElo "2757"]
[BlackElo "2704"]
[PlyCount "66"]

1. e4 c6 2. d4 d5 3. e5 Bf5 4. Nf3 e6 5. Be2 c5 6. Be3 cxd4 7. Nxd4 Ne7 8.
O-O Nbc6 9. Bb5 a6 10. Bxc6+ Nxc6 11. Nxf5 exf5 12. c3 Be7 13. f4 O-O 14.
Nd2 d4 15. cxd4 Nxd4 16. Nf3 Ne6 17. Qxd8 Rfxd8 18. Rad1 Rac8 19. Rxd8+
Bxd8 20. Rd1 Kf8 21. Rd7 Rc7 22. Rxc7 Bxc7 23. Kf2 Ke7 24. h3 h5 25. b3 Kd7
26. Nd4 g6 27. Nxe6 fxe6 28. Ke2 Kc6 29. Kd3 Kd5 30. a4 Ba5 31. Bf2 Bb4 32.
Be3 Be1 33. Bc1 Bg3 1/2-1/2

[Event "FIDE World Cup 2021"]
[Site "Krasnaya Polyana (Sochi) RUS"]
[Date "2021.07.22"]
[EventDate "2021.07.12"]
[Round "4.1"]
[Result "1-0"]
[White "M Amin Tabatabaei"]
[Black "Pentala Harikrishna"]
[WhiteElo "2705"]
[BlackElo "2730"]
[PlyCount "114"]

1. d4 d5 2. c4 dxc4 3. Nf3 Nf6 4. e3 e6 5. Bxc4 a6 6. O-O c5 7. Be2 cxd4 8.
Nxd4 Bd7 9. e4 Nc6 10. Nc3 Be7 11. Be3 Nxd4 12. Bxd4 Bc6 13. Qd3 O-O 14.
Rfd1 Qb8 15. a4 Qf4 16. f3 Rad8 17. Qe3 Qxe3+ 18. Bxe3 Bb4 19. Na2 Be7 20.
b3 Rxd1+ 21. Rxd1 Rc8 22. Rc1 Bd7 23. Rxc8+ Bxc8 24. b4 Bd7 25. a5 Ne8 26.
Kf2 Nc7 27. Bc5 Bxc5+ 28. bxc5 Kf8 29. Nb4 Ke7 30. Ke3 Bb5 31. Bxb5 Nxb5
32. c6 bxc6 33. e5 Nc7 34. Kd4 Kd7 35. Kc5 f6 36. Nxc6 Nd5 37. exf6 gxf6
38. Nb8+ Kc7 39. Nxa6+ Kb7 40. Nb4 Ne3 41. a6+ Ka7 42. Kd6 e5 43. Ke6 Nxg2
44. Kxf6 Nh4 45. Nc6+ Kxa6 46. Nxe5 Ng2 47. Kg7 Kb6 48. Kxh7 Kc5 49. Kg6
Kd4 50. Kf6 Ke3 51. Kf5 Kd4 52. f4 Kd5 53. Ng6 Ne3+ 54. Kg5 Ke6 55. h4 Nc4
56. h5 Nd6 57. Ne5 Kd5 1-0

[Event "FIDE World Cup 2021"]
[Site "Krasnaya Polyana (Sochi) RUS"]
[Date "2021.07.22"]
[EventDate "2021.07.12"]
[Round "4.1"]
[Result "0-1"]
[White "Jeffery Xiong"]
[Black "Santosh Gujrathi Vidit"]
[WhiteElo "2709"]
[BlackElo "2726"]
[PlyCount "98"]

1. d4 Nf6 2. Nf3 d5 3. Bf4 c5 4. e3 e6 5. Nbd2 Qb6 6. Rb1 Bd6 7. dxc5 Qxc5
8. Bd3 O-O 9. O-O Nbd7 10. b4 Qc7 11. Bxd6 Qxd6 12. c4 b6 13. cxd5 Qxd5 14.
Qe2 Bb7 15. e4 Qh5 16. Nc4 Rfd8 17. Rbd1 Nf8 18. h3 Ng6 19. Qe3 Ba6 20. Nd6
Rxd6 21. Bxa6 Rxd1 22. Rxd1 Ne5 23. Be2 Nxf3+ 24. Bxf3 Qe5 25. Qc1 h6 26.
Qc6 Rb8 27. a4 Kf8 28. a5 bxa5 29. bxa5 Ne8 30. a6 Qc7 31. Qa4 Qc5 32. Qa1
Nc7 33. Rd7 Kg8 34. e5 Rb4 35. Qd1 Nb5 36. Rb7 Nd4 37. Be4 g6 38. Qd2 Rc4
39. Bxg6 fxg6 40. Qxh6 Rc1+ 41. Kh2 Qxe5+ 42. f4 Nf3+ 43. Kg3 Qe1+ 44. Kg4
Ne5+ 45. Kg5 Nf7+ 46. Rxf7 Kxf7 47. Qh7+ Ke8 48. g4 Rc5+ 49. f5 exf5 0-1

[Event "FIDE World Cup 2021"]
[Site "Krasnaya Polyana (Sochi) RUS"]
[Date "2021.07.22"]
[EventDate "2021.07.12"]
[Round "4.1"]
[Result "1/2-1/2"]
[White "Dmitry Andreikin"]
[Black "Velimir Ivic"]
[WhiteElo "2724"]
[BlackElo "2710"]
[PlyCount "56"]

1. Nf3 Nf6 2. c4 g6 3. b4 Bg7 4. Bb2 O-O 5. e3 d6 6. Be2 e5 7. d3 Re8 8.
O-O a5 9. b5 Nbd7 10. Nc3 Nc5 11. Rc1 a4 12. Ba3 e4 13. dxe4 Nfxe4 14. Nxe4
Nxe4 15. Nd4 h5 16. Bf3 Qg5 17. Bxe4 Rxe4 18. Nf3 Qd8 19. Qd5 Re8 20. Rfd1
Bf5 21. Qd2 Bg4 22. Bb2 Bxf3 23. gxf3 Qg5+ 24. Kh1 Qf5 25. Kg2 Qg5+ 26. Kh1
Qf5 27. Kg2 Qg5+ 28. Kh1 Qf5 1/2-1/2

[Event "FIDE World Cup 2021"]
[Site "Krasnaya Polyana (Sochi) RUS"]
[Date "2021.07.22"]
[EventDate "2021.07.12"]
[Round "4.1"]
[Result "1/2-1/2"]
[White "Peter Svidler"]
[Black "Nikita Vitiugov"]
[WhiteElo "2714"]
[BlackElo "2724"]
[PlyCount "60"]

1. e4 c5 2. Nf3 d6 3. d4 cxd4 4. Qxd4 Nf6 5. Be2 Nc6 6. Qe3 g6 7. O-O Bg7
8. h3 O-O 9. Rd1 Be6 10. Nc3 Rc8 11. a3 Qa5 12. Bd2 h6 13. Nb5 Qb6 14. Qxb6
axb6 15. Bd3 Nd7 16. Bc3 Nc5 17. Bxg7 Kxg7 18. Nbd4 Bd7 19. Rd2 Rfd8 20.
Re1 Ne5 21. Bf1 Bc6 22. Rde2 Nxf3+ 23. Nxf3 Bb5 24. Rd2 Bxf1 25. Kxf1 Ne6
26. Re3 Rc4 27. c3 f6 28. Nd4 Kf7 29. Nxe6 Kxe6 30. Ke2 1/2-1/2

[Event "FIDE World Cup 2021"]
[Site "Krasnaya Polyana (Sochi) RUS"]
[Date "2021.07.22"]
[EventDate "2021.07.12"]
[Round "4.1"]
[Result "0-1"]
[White "Rinat Jumabayev"]
[Black "Sam Shankland"]
[WhiteElo "2637"]
[BlackElo "2709"]
[PlyCount "172"]

1. Nf3 Nf6 2. g3 g6 3. Bg2 Bg7 4. c4 c5 5. d4 cxd4 6. Nxd4 O-O 7. Nc2 Nc6
8. Nc3 d6 9. O-O Bd7 10. b3 Qa5 11. Bd2 Rfc8 12. Rc1 Qd8 13. h3 a6 14. a4
h5 15. e4 Rab8 16. Rb1 Be8 17. Qe2 Nd7 18. Rfd1 Nc5 19. Be1 Na7 20. a5 Nd7
21. Nd5 Nc6 22. b4 e6 23. Nde3 Qe7 24. f4 b6 25. axb6 Nxb6 26. Qd3 Na4 27.
Qa3 Na7 28. Nd4 Qc7 29. Bf2 Nc6 30. Ne2 Ne7 31. Rd2 Nb6 32. Rc1 Rd8 33. c5
dxc5 34. Rxd8 Rxd8 35. bxc5 Nbc8 36. Qxa6 Nc6 37. e5 Rd2 38. Be1 Rb2 39.
Bf3 Bf8 40. Qa3 Qb8 41. Bf2 N8a7 42. Qd3 Nb4 43. Qd4 Rb3 44. Be4 Bc6 45.
Nc3 Nb5 46. Nxb5 Qxb5 47. Bxc6 Nxc6 48. Qc4 Qb7 49. Qe4 Qb5 50. Qc4 Qb7 51.
Qe4 Qb5 52. Nf1 Rb2 53. Qc4 Qb7 54. Rc2 Rb4 55. Qe2 h4 56. Qf3 Bh6 57. Be3
hxg3 58. Nxg3 Nxe5 59. Qxb7 Rxb7 60. Rc3 Nc6 61. Ne2 Kf8 62. Kf2 Ke8 63.
Ra3 Kd7 64. Rd3+ Kc7 65. Nc3 Ne7 66. Kf3 Nf5 67. Bd2 Rb3 68. Ke2 Kc6 69.
Ne4 Rxd3 70. Kxd3 Kd5 71. Bc1 Nh4 72. Nd6 f5 73. Ne8 Kxc5 74. Nc7 e5 75.
Be3+ Kc6 76. Na6 Ng2 77. Nb4+ Kd7 78. Nd5 Nxe3 79. Nxe3 Bxf4 80. Nd5 Bg5
81. Nc3 Ke6 82. Ne2 e4+ 83. Kd4 Bf6+ 84. Ke3 Ke5 85. Nc3 f4+ 86. Kf2 Be7
0-1

[Event "FIDE World Cup 2021"]
[Site "Krasnaya Polyana (Sochi) RUS"]
[Date "2021.07.23"]
[EventDate "2021.07.12"]
[Round "4.2"]
[Result "1/2-1/2"]
[White "Sam Shankland"]
[Black "Rinat Jumabayev"]
[WhiteElo "2709"]
[BlackElo "2637"]
[PlyCount "110"]

1. e4 Nc6 2. d4 d5 3. Nc3 dxe4 4. d5 Ne5 5. Bf4 Ng6 6. Bg3 f5 7. Nh3 e5 8.
dxe6 Qxd1+ 9. Rxd1 Bb4 10. Bxc7 Bxe6 11. Ng5 Bd7 12. Rd4 Bxc3+ 13. bxc3 Rc8
14. Bd6 h6 15. Nh3 Rxc3 16. Bc4 Rxc2 17. O-O N8e7 18. Bb3 Nc6 19. Rxe4+
fxe4 20. Bxc2 Bf5 21. Re1 Kd7 22. Bg3 Re8 23. f3 Rc8 24. Nf2 Nd4 25. Bxe4
Ne2+ 26. Rxe2 Rc1+ 27. Nd1 Rxd1+ 28. Kf2 Bxe4 29. Rxe4 h5 30. Rb4 b6 31.
Ke2 Rd5 32. Rc4 Ne5 33. Bxe5 Rxe5+ 34. Kd3 Kd6 35. h4 Rd5+ 36. Ke3 Re5+ 37.
Kd3 Rd5+ 38. Ke3 b5 39. Rf4 a5 40. Rf7 g5 41. hxg5 Rxg5 42. Rh7 b4 43. g3
Kc5 44. Kd3 Kb5 45. g4 hxg4 46. fxg4 Ka4 47. Rh5 Rxg4 48. Kc2 Rg8 49. Kb2
Rf8 50. Rg5 Rb8 51. Rh5 Rb5 52. Rxb5 Kxb5 53. a3 Kc4 54. axb4 axb4 55. Kc2
1/2-1/2